| 000 | 01104naa a22003137a 4500 | ||
|---|---|---|---|
| 001 | BR8206700 | ||
| 003 | BR-BrBNA | ||
| 005 | 20240918175212.0 | ||
| 007 | ta | ||
| 008 | 230509b bl.||||| |||| 00| 0 por d | ||
| 040 |
_aBR-BrBNA _bpor _cBiblioteca Nacional de Agricultura |
||
| 041 | _a(Pt) | ||
| 072 |
_aF60 _b3810 |
||
| 090 | _aF60 BR8206700 | ||
| 100 | 1 | _aBarber, S.A. | |
| 111 | 1 |
_aSimposio sobre Potassio na Agricultura Brasileira _cLondrina, PR (Brazil) _d25-28 Jan 1982 |
|
| 245 | 1 | _aMecanismos de absorcao do potassio por plantas no solo [nutricao vegetal] | |
| 260 | 3 |
_aPiracicaba, SP (Brasil): _c1982. |
|
| 500 | _aAnais do Simposio sobre Potassio na Agricultura Brasileira Piracicaba, SP (Brasil): 1982. p. 213-226 (BR8206700-AM)F60 | ||
| 650 | _aPOTASSIO | ||
| 650 | _aSOLO | ||
| 650 | _aFERTILIZANTE POTASSICO | ||
| 650 | _aPLANTA | ||
| 650 | _aRAIZ | ||
| 650 | _aABSORCAO | ||
| 773 | 0 |
_tAnais do Simposio sobre Potassio na Agricultura Brasileira _wF60 BR8206700 _gPiracicaba, SP (Brasil), 1982. p. 213-226 |
|
| 909 |
_a202404 _bLucia _c55 _dLucia Elande |
||
| 942 |
_cAM _2AGRIS |
||
| 999 |
_c315557 _d315557 |
||